Schaum's outline tensor calculus (Record no. 16999)

MARC details
000 -LEADER
fixed length control field 00895nam a2200445 a 4500
000 - LEADER
fixed length control field BKB
001 - CONTROL NUMBER
control field 154476
005 - DATE AND TIME OF LATEST TRANSACTION
control field 20200902161256.0
008 - FIXED-LENGTH DATA ELEMENTS--GENERAL INFORMATION
fixed length control field 170327 ### HIN
010 ## - LIBRARY OF CONGRESS CONTROL NUMBER
LC control number
020 ## - INTERNATIONAL STANDARD BOOK NUMBER
International Standard Book Number 9780071756037
082 ## - DEWEY DECIMAL CLASSIFICATION NUMBER
Classification number 515.63
Item number K18T
100 ## - MAIN ENTRY--PERSONAL NAME
Personal name Kay, David C.
110 ## - MAIN ENTRY--CORPORATE NAME
Corporate name or jurisdiction name as entry element
245 ## - TITLE STATEMENT
Title Schaum's outline tensor calculus
Statement of responsibility, etc by David C. Kay
250 ## - EDITION STATEMENT
Edition statement
260 ## - PUBLICATION, DISTRIBUTION, ETC. (IMPRINT)
Place of publication, distribution, etc New York
Name of publisher, distributor, etc Springer
Date of publication, distribution, etc 2011
300 ## - PHYSICAL DESCRIPTION
Extent 228p.
490 ## - SERIES STATEMENT
Series statement Schaum's outline series
Volume number/sequential designation
500 ## - GENERAL NOTE
General note
600 ## - SUBJECT ADDED ENTRY--PERSONAL NAME
Personal name
610 ## - SUBJECT ADDED ENTRY--CORPORATE NAME
Corporate name or jurisdiction name as entry element
611 ## - SUBJECT ADDED ENTRY--MEETING NAME
Meeting name or jurisdiction name as entry element
630 ## - SUBJECT ADDED ENTRY--UNIFORM TITLE
Uniform title
650 ## - SUBJECT ADDED ENTRY--TOPICAL TERM
Topical term or geographic name as entry element
651 ## - SUBJECT ADDED ENTRY--GEOGRAPHIC NAME
Geographic name
654 ## - SUBJECT ADDED ENTRY--FACETED TOPICAL TERM
Focus term
690 ## - LOCAL SUBJECT ADDED ENTRY--TOPICAL TERM (OCLC, RLIN)
Topical term or geographic name as entry element Calculus of tensors; Physics
700 ## - ADDED ENTRY--PERSONAL NAME
Personal name
Numeration
Titles and other words associated with a name
710 ## - ADDED ENTRY--CORPORATE NAME
Corporate name or jurisdiction name as entry element
Subordinate unit
Location of meeting
711 ## - ADDED ENTRY--MEETING NAME
Meeting name or jurisdiction name as entry element
720 ## - ADDED ENTRY--UNCONTROLLED NAME
Name
730 ## - ADDED ENTRY--UNIFORM TITLE
Uniform title
740 ## - ADDED ENTRY--UNCONTROLLED RELATED/ANALYTICAL TITLE
Uncontrolled related/analytical title
752 ## - ADDED ENTRY--HIERARCHICAL PLACE NAME
Country or larger entity
856 ## - ELECTRONIC LOCATION AND ACCESS
Host name
Path
Electronic name
904 ## - LOCAL DATA ELEMENT D, LDD (RLIN)
a
964 ## -
--
-- ENG
--
--
--
--
--
965 ## -
--
Holdings
Withdrawn status Lost status Damaged status Not for loan Home library Current library Date acquired Total Checkouts Full call number Barcode Date last seen Date checked out Price effective from Koha item type
        Central University Of Rajasthan Central University Of Rajasthan 12/02/2017 3 515.63 K18T 28866 21/11/2024 11/01/2024 02/09/2020 Books